[Event "Floripa Chess Open 2024"]
[Site "Florianopolis"]
[Date "2024.01.23"]
[Round "5.215"]
[White "Balbinotti, Rafael Tiago Busane"]
[Black "Mamede, Miguel Rodrigues"]
[Result "1-0"]
[WhiteElo "1345"]
[BlackElo "1800"]
[PlyCount "31"]
[EventDate "2024.01.20"]
[EventRounds "10"]
[EventCountry "BRA"]

1. c4 e5 2. Nc3 Nf6 3. g3 Nc6 4. Bg2 b6 5. Nf3 ({RR} 5. e3 Bb7 6. Nge2 Na5 7.
Bxb7 Nxb7 8. d4 exd4 9. Nxd4 a6 10. O-O Nc5 11. e4 d6 12. Bg5 Be7 13. Nc6 Qd7
14. Nxe7 Qxe7 15. Nd5 Qd8 16. e5 dxe5 17. Nxf6+ gxf6 18. Qxd8+ Rxd8 19. Bxf6
Rg8 {Spraggett,K (2545)-Ballester Sanz,J (2225) Oviedo 1992 1-0 (32)}) 5... e4
$146 ({RR} 5... Rb8 6. O-O Be7 7. d3 d6 8. b4 O-O 9. b5 Na5 10. Nd2 Nb7 11. a4
Nc5 12. a5 Bb7 13. axb6 axb6 14. Nd5 Bxd5 15. cxd5 Ra8 16. Ba3 Nfd7 17. Qc2 f5
18. e3 Bf6 19. Bb2 Rxa1 20. Rxa1 {Kavalek,L-Bendjema,H Helsinki 1961 1-0 (32)})
({RR} 5... Bb7 6. O-O d6 7. d3 h6 8. Bd2 Qc8 9. Qa4 Nd7 10. Bh3 Qd8 11. Nd5 Nc5
12. Qc2 Ne7 13. e4 c6 14. Ne3 Bc8 15. Bg2 Ne6 16. Bc3 c5 17. Nd5 Nxd5 18. cxd5
Nd4 19. Bxd4 cxd4 20. Rac1 {Nunes,L (1800)-Spieker,O (1352) Florianópolis -
Santa Catari 2023 1-0 (70)}) ({RR} 5... Rb8 6. O-O Bb7 7. e4 Be7 8. d4 exd4 9.
Nxd4 Nxd4 10. Qxd4 d6 11. b3 O-O 12. Bb2 Re8 13. Nd5 Bxd5 14. cxd5 Bf8 15. Rac1
Rc8 16. Rfe1 Qd7 17. Rc6 Qg4 18. f3 Qh5 19. Rec1 Re7 20. Qf2 {Rukavina,J (2410)
-Maroja,H Virovitica 1977 1/2-1/2 (41)}) 6. Ng1 Qe7 7. Qc2 Bb7 8. Nxe4 Nd4 9.
Nxf6+ Qxf6 10. Qd3 Bxg2 11. e3 Bxh1 12. exd4 Bb7 13. Ne2 Bf3 14. b3 O-O-O 15.
Bb2 Qg6 16. Qxg6 1-0

[Event "Floripa Chess Open 2024"]
[Site "Florianopolis"]
[Date "2024.01.23"]
[Round "5.216"]
[White "De Abreu, Wiliam"]
[Black "Nunes, Lilia"]
[Result "1/2-1/2"]
[WhiteElo "1197"]
[BlackElo "1325"]
[PlyCount "55"]
[EventDate "2024.01.20"]
[EventRounds "10"]
[EventCountry "BRA"]

1. e4 e5 2. Nf3 Nc6 3. Bb5 Nge7 4. c3 a6 5. Ba4 d6 6. d3 ({RR} 6. d4 Bg4 7. O-O
Ng6 8. h3 Bd7 9. d5 Nb8 10. Bc2 Be7 11. c4 O-O 12. Nc3 f5 13. exf5 Bxf5 14.
Bxf5 Rxf5 15. Be3 Nd7 16. Nd2 Bg5 17. Qg4 Bxe3 18. fxe3 Rxf1+ 19. Rxf1 Ndf8 20.
Nde4 Qd7 {Asadli,V (2567)-Manafov,V (2359) Baku AZE 2022 1-0}) ({RR} 6. h3 Bd7
7. d4 g6 8. O-O Bg7 9. dxe5 dxe5 10. a3 O-O 11. Nbd2 h6 12. b4 Be6 13. Bb2 Qc8
14. Bb3 Rd8 15. Qe2 b6 16. Rfd1 Bxb3 17. Nxb3 Qe6 18. c4 a5 19. Rxd8+ Rxd8 20.
bxa5 bxa5 {Adireddy,A (2072)-Mirzoev,A (2416) Nagpur IND 2023 1/2-1/2}) 6...
Bd7 7. O-O Ng6 $146 ({RR} 7... g6 8. Nbd2 Bg7 9. Re1 O-O 10. Nf1 h6 11. Ng3 Kh7
12. h3 Be6 13. d4 exd4 14. cxd4 d5 15. Bc2 dxe4 16. Nxe4 Bd5 17. Bf4 Nf5 18.
Neg5+ Kg8 19. Ne4 Re8 20. Qd2 Kh7 21. Rad1 Nfxd4 22. Nxd4 {Lavrov,M (2398)
-Mirzoev,A (2420) chess.com INT 2021 1/2-1/2 (46)}) 8. Re1 Be7 9. Nbd2 O-O 10.
Nf1 f5 11. Bb3+ Kh8 12. exf5 Bxf5 13. Ng3 Nh4 14. Bd5 Nxf3+ 15. Bxf3 Bg5 16.
Be4 Bxe4 17. Nxe4 Bxc1 18. Qxc1 d5 19. Ng3 Qf6 20. Qd2 Rad8 21. Qc2 Rf7 22. Re3
Rdf8 23. f3 Ne7 24. Rae1 Qb6 25. Kh1 Ng6 26. b3 c6 27. Qd2 Qa5 28. Qc2 1/2-1/2

[Event "Floripa Chess Open 2024"]
[Site "Florianopolis"]
[Date "2024.01.23"]
[Round "5.217"]
[White "Da Silva Junior, Jose Cacio"]
[Black "Rahn, Marlon Cristiano"]
[Result "0-1"]
[WhiteElo "1139"]
[BlackElo "1295"]
[PlyCount "50"]
[EventDate "2024.01.20"]
[EventRounds "10"]
[EventCountry "BRA"]

1. e4 b6 2. Nf3 Bb7 3. Bc4 e6 4. d4 ({RR} 4. Qe2 Nf6 5. e5 d5 6. Bb3 Nfd7 7.
O-O c5 8. d3 Nc6 9. c3 Be7 10. d4 Qc8 11. Re1 O-O 12. Be3 Ba6 13. Qd1 b5 14. a3
Bb7 15. Bc2 c4 16. Ng5 h6 17. Nh3 f5 18. exf6 Nxf6 {Ruck,R (2502)-Almasi,Z  
(2699) Ajka HUN 2018 0-1 (53)}) ({RR} 4. d3 d5 5. exd5 Bxd5 6. Bxd5 Qxd5 7. Nc3
Bb4 8. Bd2 Qh5 9. Qe2 Nf6 10. Qe5 Qxe5+ 11. Nxe5 Bxc3 12. Bxc3 Nd5 13. Bd2 Nd7
14. Nxd7 Kxd7 15. c4 Ne7 16. Ke2 e5 17. Bc3 Rhe8 18. Rhd1 c5 {Cella,G (1894)
-Hambleton,A (2420) chess.com INT 2023 0-1 (69)}) 4... Bxe4 5. Nc3 Bb7 6. b3
$146 ({RR} 6. d5 Nf6 7. dxe6 fxe6 8. O-O Bc5 9. Bg5 O-O 10. a3 Nc6 11. b4 Be7
12. Bb5 a6 13. Bxc6 Bxc6 14. Bxf6 Bxf6 15. Qd3 Bxc3 16. Qxc3 Bxf3 17. gxf3 Rf5
18. Kh1 Rh5 19. Rg1 g6 20. Rg3 Qh4 {Walter,D-Loewe,L (2069) playchess.com INT
2012 0-1 (50)}) ({RR} 6. O-O d5 7. Bd3 Nd7 8. Qe2 c5 9. Bg5 Ngf6 10. Nb5 Be7
11. Bxf6 Nxf6 12. c3 a6 13. Na3 c4 14. Bc2 Bxa3 15. bxa3 O-O 16. Ne5 Qd6 17. a4
Bc6 18. a3 Rab8 19. Ng4 Nxg4 20. Qxg4 g6 {Adelstorp,K-Pedersen,L Hedehusene
1992 0-1 (66)}) 6... Bb4 7. Bb2 Nf6 8. h3 d5 9. Be2 Nbd7 10. O-O O-O 11. a3 Be7
12. Rb1 c5 13. Qd2 cxd4 14. Qxd4 Qc7 15. Bd3 Qc5 16. Ne2 Qxd4 17. Nexd4 Nc5 18.
Rfd1 Nxd3 19. Rxd3 Rac8 20. Rc1 Ba6 21. Rd2 Ne4 22. Rdd1 Bf6 23. Nd2 Nc3 24.
Bxc3 Rxc3 25. N4f3 Rfc8 0-1

[Event "Floripa Chess Open 2024"]
[Site "Florianopolis"]
[Date "2024.01.23"]
[Round "5.218"]
[White "Scardini, Leonardo"]
[Black "Van Riemsdijk, Ian C Emiliano"]
[Result "1/2-1/2"]
[WhiteElo "1246"]
[BlackElo "1800"]
[PlyCount "114"]
[EventDate "2024.01.20"]
[EventRounds "10"]
[EventCountry "BRA"]

1. d4 Nf6 2. c4 d6 3. Nc3 g6 4. Nf3 Nbd7 5. Bg5 Bg7 6. e4 O-O 7. Be2 e5 8. d5
h6 9. Bd2 a5 ({RR} 9... Nc5 10. Qc2 Nfxe4 11. Nxe4 Bf5 12. Bd3 Bxe4 13. Bxe4 f5
14. Bd3 Nxd3+ 15. Qxd3 e4 16. Qb3 exf3 17. gxf3 Re8+ 18. Kf1 Qh4 19. h3 b6 20.
Rb1 Re7 21. Qd3 Rae8 22. b3 a5 23. Re1 Bd4 24. Rh2 {Arbakov,V (2495)-Gruenberg,
H (2425) Bayern 1998 1/2-1/2 (36)}) ({RR} 9... Ne8 10. Qc2 f5 11. O-O-O Nc5 12.
Be3 Nxe4 13. Nxe4 fxe4 14. Nd2 Nf6 15. h3 c6 16. Nxe4 Nxe4 17. Qxe4 Bf5 18. Qf3
Bd3 19. Qxf8+ Qxf8 20. Bxd3 Qf6 21. Be2 c5 22. g4 e4 23. Rd2 Qe5 24. Kb1 {
Vargas Tinoco,M-Fernandez Hernandez,J (1510) Vecindario ESP 2022 0-1 (37)}) 10.
a4 $146 ({RR} 10. Qc2 Nc5 11. O-O Nh5 12. b3 f5 13. a3 fxe4 14. Nxe4 Bf5 15.
Bd3 Nxd3 16. Qxd3 Nf6 17. Nxf6+ Qxf6 18. Qe3 e4 {0-1 (18) Klatt,H-Sikiric,K
Germany 1996}) ({RR} 10. a3 Nc5 11. Qc2 Bd7 12. O-O a4 13. Be3 Nb3 14. Rab1 Ne8
15. Nd2 Nc5 16. f4 Qe7 17. Nf3 exf4 18. Bxf4 f5 19. Nd2 Nf6 20. Rbe1 fxe4 21.
Ncxe4 Nfxe4 22. Nxe4 Qxe4 23. Qxe4 Nxe4 24. Bd3 Bd4+ {Bollinger,M-Pohl,A
Schussenried 1992 0-1 (31)}) 10... c6 11. O-O cxd5 12. cxd5 Nc5 13. Qc2 Nh5 14.
Ne1 f5 15. Bxh5 gxh5 16. f3 fxe4 17. fxe4 Rxf1+ 18. Kxf1 b6 19. Kg1 Qc7 20. Nb5
Qe7 21. b4 axb4 22. Bxb4 Ba6 23. Bc3 Bf6 24. Nf3 Kf8 25. Re1 Ke8 26. Nd2 Bxb5
27. axb5 Kd7 28. Nc4 Kc7 29. Ra1 Rxa1+ 30. Bxa1 Qh7 31. Nd2 Bg5 32. Bc3 Bxd2
33. Bxd2 Qxe4 34. Qxe4 Nxe4 35. Bxh6 Nc3 36. h3 Nxd5 37. g4 hxg4 38. hxg4 Ne7
39. Kf2 d5 40. Ke3 Ng6 41. Bg7 Kd6 42. Bf6 Kc5 43. g5 Kxb5 44. Kf3 Kc4 45. Kg4
Kd4 46. Kf5 Nh4+ 47. Kg4 b5 48. Kxh4 b4 49. Be7 b3 50. Ba3 e4 51. Kg4 Kd3 52.
g6 e3 53. g7 e2 54. g8=Q e1=Q 55. Qxd5+ Kc2 56. Qf5+ Kd1 57. Qb1+ Ke2 1/2-1/2

[Event "Floripa Chess Open 2024"]
[Site "Florianopolis"]
[Date "2024.01.23"]
[Round "5.219"]
[White "Ferrari, Theo Schoroeder San"]
[Black "De Carvalho, Amauri"]
[Result "1-0"]
[WhiteElo "1800"]
[BlackElo "1238"]
[PlyCount "57"]
[EventDate "2024.01.20"]
[EventRounds "10"]
[EventCountry "BRA"]

1. e4 d6 2. Nf3 e5 3. Bc4 Qe7 4. d3 Be6 ({RR} 4... h6 5. Nbd2 g6 6. c3 Bg7 7.
Nf1 c6 8. Ng3 Nd7 9. h4 Nb6 10. Bb3 f5 11. exf5 gxf5 12. Nh5 Nf6 13. Nxg7+ Qxg7
14. Qe2 e4 15. g3 Qe7 16. dxe4 fxe4 17. Nh2 Be6 18. Be3 {1/2-1/2 (18) Maiwald,
J (2484)-Telljohann,S (2432) Germany 2007}) 5. Nbd2 Nf6 6. c3 c6 $146 ({RR} 
6... Bxc4 7. Nxc4 h6 8. Qb3 c6 9. O-O Qc7 10. Re1 b5 11. Ne3 Be7 12. Nf5 O-O
13. d4 Re8 14. dxe5 dxe5 15. c4 a6 16. Bd2 Bf8 17. Bc3 Nbd7 18. cxb5 cxb5 19.
Rac1 Qb8 20. Bb4 Bxb4 21. Qxb4 {Morioka,F (1612)-De Carvalho,A (1238)
Florianopolis BRA 2024 1-0 (58)}) 7. Qb3 b5 8. Bxe6 Qxe6 9. Qxe6+ fxe6 10. a4
Be7 11. axb5 cxb5 12. Nb3 O-O 13. Ng5 Ng4 14. f3 Bxg5 15. Bxg5 Nf6 16. Ke2 Nbd7
17. Ra6 Nb6 18. Rha1 Nfd7 19. Rxa7 Rxa7 20. Rxa7 Ra8 21. Rxa8+ Nxa8 22. Be7 d5
23. Nc5 Nxc5 24. Bxc5 Kf7 25. Ke3 Nc7 26. d4 Kf6 27. dxe5+ Kf7 28. Kd4 Na6 29.
Bd6 1-0

[Event "Floripa Chess Open 2024"]
[Site "Florianopolis"]
[Date "2024.01.23"]
[Round "5.220"]
[White "Turci, Vivian Da Silva"]
[Black "Leite, Gina Dourado Rocha"]
[Result "1-0"]
[WhiteElo "1800"]
[BlackElo "1418"]
[PlyCount "93"]
[EventDate "2024.01.20"]
[EventRounds "10"]
[EventCountry "BRA"]

1. e4 e5 2. Nf3 Nc6 3. Bc4 Nf6 4. d3 Be7 5. c3 O-O 6. O-O Re8 ({RR} 6... h6 7.
a4 Re8 8. a5 a6 9. Qb3 Rf8 10. h3 d6 11. Re1 Bd7 12. Nbd2 Qc8 13. Nf1 Be6 14.
Ng3 Bxc4 15. Qxc4 Rd8 16. d4 Bf8 17. d5 Ne7 18. Qd3 c6 19. c4 g6 20. Be3 Bg7
21. Rec1 {Rusan,P (2114)-Suvorov,L (2294) chess.com INT 2022 0-1}) 7. Nbd2 h6
8. Re1 a6 $146 ({RR} 8... Bf8 9. Bb3 g6 10. d4 d6 11. h3 Bg7 12. a3 a6 13. dxe5
dxe5 14. Qc2 Nd7 15. Bc4 Nb6 16. Bf1 Be6 17. b4 Nb8 18. Bb2 c5 19. bxc5 N6d7
20. Nc4 Nxc5 21. a4 Qe7 22. Nfd2 Nbd7 23. Ne3 {Cuartas,C (2302)-Shabalov,A  
(2574) Cali 2001 0-1}) 9. Nf1 b5 10. Bb3 Bc5 11. Be3 Bxe3 12. fxe3 Bb7 13. Ng3
Nh7 14. Rf1 d6 15. Qe2 Ne7 16. Rf2 Rf8 17. Raf1 Qd7 18. Nh4 Ng5 19. Qh5 c6 20.
Bxf7+ Nxf7 21. Rxf7 Qe6 22. Rxf8+ Rxf8 23. Rxf8+ Kxf8 24. a3 d5 25. exd5 cxd5
26. Nhf5 d4 27. Nxe7 dxe3 28. Ng6+ Kg8 29. Nxe5 Qd5 30. Qf7+ Qxf7 31. Nxf7 Kxf7
32. Ne2 Ke6 33. g3 Kf5 34. h3 g5 35. Nd4+ Ke5 36. Kf1 a5 37. Ke2 b4 38. Kxe3
bxc3 39. bxc3 Bg2 40. h4 g4 41. Nb3 a4 42. Nc5 Bc6 43. Ne4 Bxe4 44. dxe4 h5 45.
c4 Kd6 46. Kd4 Kc6 47. e5 1-0

[Event "Floripa Chess Open 2024"]
[Site "Florianopolis"]
[Date "2024.01.23"]
[Round "5.221"]
[White "Fraga, Sofia Carneiro"]
[Black "Rolim, Claudia Vitoria Fer"]
[Result "0-1"]
[WhiteElo "1174"]
[BlackElo "1745"]
[PlyCount "70"]
[EventDate "2024.01.20"]
[EventRounds "10"]
[EventCountry "BRA"]

1. e4 c5 2. Nc3 g6 3. g3 Bg7 4. Bg2 Nc6 5. d3 Nf6 6. f4 d6 7. h3 e5 ({RR} 7...
O-O 8. Nf3 Rb8 9. g4 b5 10. Ne2 b4 11. Ng3 Ne8 12. f5 d5 13. Bf4 Bxb2 14. exd5
Qxd5 15. O-O Bxa1 16. Qxa1 Bb7 17. Rf2 Qd8 18. Ne4 Nd4 19. Nxd4 Bxe4 20. dxe4
cxd4 21. Bxb8 Qxb8 22. Qxd4 {Khruschiov,A (2343)-Grachev,B (2619) Tuapse RUS
2022 0-1 (84)}) ({RR} 7... O-O 8. Nf3 Ne8 9. O-O Nc7 10. Be3 Ne6 11. g4 Ned4
12. Nh2 b5 13. Qd2 b4 14. Nd1 Qc7 15. c3 bxc3 16. bxc3 Ne6 17. f5 Ned8 18. Bh6
f6 19. Bxg7 Kxg7 20. Ne3 Bb7 21. Nd5 Qd7 22. g5 {Larino Nieto,D (2366)-Buscar,
M (2041) chess.com INT 2023 1-0}) 8. Nf3 exf4 9. Bxf4 $146 ({RR} 9. gxf4 d5 10.
Bd2 O-O 11. O-O dxe4 12. dxe4 Rb8 13. Qe2 Be6 14. Be3 Nh5 15. Qf2 Nd4 16. Rad1
Qc8 17. f5 Bc4 18. Rfe1 gxf5 19. Nxd4 f4 20. Nf5 fxe3 21. Qh4 Qe6 22. Qxh5 Be5
23. Nd5 e2 {Ruppert,W-Tutschka,J Germany 1989 1-0 (36)}) 9... O-O 10. O-O Nh5
11. Ne2 Bxb2 12. Rb1 Bg7 13. Qd2 Re8 14. Bh6 a6 15. Bxg7 Kxg7 16. Qc3+ Kg8 17.
Qd2 b5 18. Ng5 Ne5 19. Nf3 Qe7 20. d4 Nc4 21. Qd3 cxd4 22. Nexd4 Nxg3 23. Rfe1
Ne5 24. Nxe5 Qxe5 25. Nc6 Qg5 26. Qxd6 Qh4 27. e5 Bxh3 28. Qf6 Qxf6 29. exf6
Rxe1+ 30. Rxe1 Bxg2 31. Kxg2 Nh5 32. Ne7+ Kf8 33. Nd5 Rd8 34. Re5 Rxd5 35. Rxd5
Nf4+ 0-1

[Event "Floripa Chess Open 2024"]
[Site "Florianopolis"]
[Date "2024.01.23"]
[Round "5.222"]
[White "Motta, Agahta Dos Santos"]
[Black "Soares, Vinicius Tuma"]
[Result "1-0"]
[WhiteElo "1124"]
[BlackElo "1708"]
[PlyCount "25"]
[EventDate "2024.01.20"]
[EventRounds "10"]
[EventCountry "BRA"]

1. d4 d5 2. c4 Nf6 3. cxd5 Nxd5 4. e4 Nf6 5. Nc3 Nc6 6. Be3 ({RR} 6. Bb5 Bd7 7.
Bxc6 Bxc6 8. d5 Bd7 9. e5 Nxd5 10. Qxd5 e6 11. Qd4 Be7 12. Nge2 O-O 13. O-O f5
14. Rd1 Bc6 15. Qc4 Qc8 16. Nf4 Bd7 17. Ncd5 Rf7 18. Nxe7+ Rxe7 19. Be3 b6 20.
Rac1 {1-0 (20) Toth,D (2118)-Varga,Z (2541) Heves 1999}) 6... Bg4 7. f3 Bh5 8.
d5 $146 ({RR} 8. Qb3 Rb8 9. Bc4 Nxd4 10. Qa4+ c6 11. Bxd4 b5 12. Nxb5 cxb5 13.
Bxb5+ Nd7 14. Bxa7 Rb7 15. Rd1 e6 16. Ne2 Be7 17. O-O Bg6 18. Rxd7 Rxd7 19. Rd1
O-O 20. Rxd7 Qe8 21. Rb7 Qd8 22. Bb6 Qd6 {Huynh Huu Tan,T-Le,H Dong Thap 1999
1-0 (37)}) ({RR} 8. Bc4 e5 9. Nge2 Bb4 10. h4 O-O 11. g4 Bxg4 12. fxg4 Nxg4 13.
Qd2 Nxe3 14. Qxe3 exd4 15. Qd3 dxc3 16. bxc3 Bc5 17. Rb1 b6 18. Bd5 Ne5 19. Qg3
c6 20. Qxe5 cxd5 21. Qxd5 Re8 22. Qf5 Qd3 {Seugepeto08 (995)-YasminMuller02  
(1146) Cat. Cadete 2023 0-1 (59)}) 8... e6 9. dxc6 Qxd1+ 10. Rxd1 bxc6 11. Ba6
Be7 12. Bb7 O-O 13. Bxa8 1-0

[Event "Floripa Chess Open 2024"]
[Site "Florianopolis"]
[Date "2024.01.23"]
[Round "5.224"]
[White "Barbetta Silva, Maria Eduarda"]
[Black "Sikorski, Valentim Enrico"]
[Result "1-0"]
[WhiteElo "1800"]
[BlackElo "1636"]
[PlyCount "75"]
[EventDate "2024.01.20"]
[EventRounds "10"]
[EventCountry "BRA"]

1. d4 Nf6 2. Nf3 g6 3. c4 Bg7 4. Nc3 O-O 5. e4 d6 6. Be2 e5 7. d5 Ne8 8. Be3 ({
RR} 8. O-O h6 9. g3 Bh3 10. Re1 f5 11. Nh4 Kh7 12. exf5 gxf5 13. Bf1 Bxf1 14.
Rxf1 Qd7 15. Qc2 Kg8 16. a3 a5 17. b3 Qf7 18. Bb2 Qh5 19. f4 e4 20. Nb5 Na6 21.
Bxg7 Nxg7 22. Qc3 b6 {Ikonnikov,V (2537)-Wantola,I (2352) Leiden 2013 1-0 (46)}
) ({RR} 8. h3 f5 9. g4 fxg4 10. hxg4 Bxg4 11. Bh6 Bxh6 12. Rxh6 Qf6 13. Ng5
Qxf2+ 14. Kd2 Qf4+ 15. Kd3 Bxe2+ 16. Nxe2 Qxg5 17. Qh1 Rf7 18. Rg1 Qf6 19. Ng3
Qf3+ 20. Qxf3 Rxf3+ 21. Ke2 Rxg3 22. Rxg3 Nd7 {Kiseleva,A (1962)-Kopczynski,M 
(2225) chess.com INT 2023 0-1 (38)}) 8... f5 9. O-O $146 ({RR} 9. exf5 gxf5 10.
O-O f4 11. Bc1 Qf6 12. Ne4 Qh6 13. Nfg5 Nf6 14. Nxf6+ Bxf6 15. Ne4 Qg6 16.
Nxf6+ Rxf6 17. Bh5 Qg5 18. Qf3 Rh6 19. Be8 Bg4 20. Qd3 Rh3 21. g3 Qh6 22. Qe4
Rxh2 23. f3 Qh3 {Uzsonyik,T (1684)-Forgacs,M (1748) Hungary 2003 0-1}) ({RR} 9.
Bg5 Nf6 10. O-O Qe8 11. Nd2 a6 12. f3 c5 13. Re1 Nbd7 14. Qa4 Qf7 15. Nb5 Ne8
16. Qa5 b6 17. Qa3 Ndf6 18. Nc3 Bd7 19. Rab1 a5 20. Qb3 Rb8 21. a4 Nh5 22. Rf1
Nf4 23. Bh4 Bh6 {Der,J (1624)-Goertz,H (1857) Essen 2003 0-1 (44)}) 9... Nd7
10. b4 f4 11. Bd2 c6 12. Qc2 c5 13. a3 Nb6 14. h3 Bd7 15. Ne1 Ba4 16. Nxa4 Qd7
17. Nxb6 axb6 18. Nd3 b5 19. bxc5 dxc5 20. Nxc5 Qc7 21. Ne6 Qf7 22. Nxf8 Qxf8
23. cxb5 Rxa3 24. Rxa3 Qxa3 25. Qc3 Qxc3 26. Bxc3 Nf6 27. Bf3 b6 28. Bxe5 Nxe4
29. Bxg7 Nd2 30. Rd1 Nxf3+ 31. gxf3 Kxg7 32. d6 Kh6 33. d7 Kg7 34. d8=Q Kh6 35.
Qf8+ Kh5 36. Rd5+ g5 37. Qf7+ Kh4 38. Qxh7# 1-0

[Event "Floripa Chess Open 2024"]
[Site "Florianopolis"]
[Date "2024.01.23"]
[Round "5.225"]
[White "Nogueira, Manuela Mahara Buch"]
[Black "Bida, Jose Mateus"]
[Result "0-1"]
[WhiteElo "1666"]
[BlackElo "1800"]
[PlyCount "38"]
[EventDate "2024.01.20"]
[EventRounds "10"]
[EventCountry "BRA"]

1. e4 e6 2. d4 d5 3. exd5 exd5 4. Nf3 Nf6 5. Bd3 Bd6 6. Be3 Nbd7 ({RR} 6... Bg4
7. O-O Nbd7 8. Nbd2 c6 9. h3 Bh5 10. Re1 O-O 11. c3 Qc7 12. Qc2 Rae8 13. Bg5
Bg6 14. Bxg6 fxg6 15. Re3 Rxe3 16. Bxe3 Nh5 17. Re1 Ndf6 18. Bg5 Qc8 19. Ne5
Re8 20. Ndf3 Ne4 21. c4 {Milosevic,D-Vargic,D (2295) Djakovo 1994 0-1 (50)}) ({
RR} 6... O-O 7. h3 Re8 8. O-O Nc6 9. c3 Ne4 10. Qc2 f5 11. Bxe4 fxe4 12. Bg5
Qd7 13. Ne1 Qf5 14. Be3 Qg6 15. Kh1 Ne7 16. f4 exf3 17. Qxg6 Nxg6 18. Rxf3 Nh4
19. Bf2 Nxf3 20. Nxf3 Re2 21. Kg1 {Okunev,N (1962)-Pushkov,N (2306) Sochi 2016
0-1}) 7. O-O O-O $146 ({RR} 7... h6 8. Re1 O-O 9. Nc3 c6 10. Ne2 Re8 11. c3 Nf8
12. h3 Ne4 13. Bf4 Bxf4 14. Nxf4 Bf5 15. Nd2 Qg5 16. Nxe4 dxe4 17. Bxe4 Bxe4
18. g3 Qf5 19. Kh2 g5 20. Ng2 Qxf2 21. Re2 Qf3 22. Qd2 {Ederer,E (1405)-Huber,
A (1634) Germany 2004 0-1 (31)}) 8. Nc3 c6 9. Qe2 Re8 10. Qd2 b6 11. Bf4 Qc7
12. Bxd6 Qxd6 13. Rfe1 Bb7 14. Rxe8+ Rxe8 15. Re1 Rd8 16. b3 c5 17. dxc5 bxc5
18. Bf5 Nb6 19. a4 d4 0-1

[Event "Floripa Chess Open 2024"]
[Site "Florianopolis"]
[Date "2024.01.24"]
[Round "6.11"]
[White "Haldorsen, Benjamin"]
[Black "De Oliveira, Gustavo Alfredo Bue"]
[Result "1-0"]
[WhiteElo "2427"]
[BlackElo "2147"]
[PlyCount "63"]
[EventDate "2024.01.20"]
[EventRounds "10"]
[EventCountry "BRA"]

1. e4 c6 2. d4 d5 3. Nd2 dxe4 4. Nxe4 Nf6 5. Nxf6+ gxf6 6. c3 Bf5 7. Nf3 e6 8.
g3 Bd6 9. Bg2 Be4 10. O-O Nd7 11. Re1 f5 12. Ng5 Bxg2 13. Qh5 Qe7 $146 14. Rxe6
Bd5 15. Qxf7+ Kd8 16. Rxe7 Bxf7 17. Rxf7 h6 18. Ne6+ Kc8 19. Bf4 Bxf4 20. Nxf4
Rf8 21. Rxf8+ Nxf8 22. Re1 Kd7 23. Re5 Re8 24. Rxf5 Re1+ 25. Kg2 Rb1 26. Rxf8
Rxb2 27. g4 Rxa2 28. Rf7+ Kc8 29. h4 Rb2 30. g5 hxg5 31. hxg5 Rb3 32. Ne6 1-0

[Event "Floripa Chess Open 2024"]
[Site "Florianopolis"]
[Date "2024.01.24"]
[Round "6.12"]
[White "Labussiere, Yago"]
[Black "Matsuura, Everaldo"]
[Result "1/2-1/2"]
[WhiteElo "2167"]
[BlackElo "2410"]
[PlyCount "115"]
[EventDate "2024.01.20"]
[EventRounds "10"]
[EventCountry "BRA"]

1. c4 c6 2. d4 d5 3. cxd5 cxd5 4. Nc3 Nf6 5. Nf3 Nc6 6. Bf4 e6 7. e3 Be7 8. h3
O-O 9. Bd3 a6 10. Rc1 Bd7 11. O-O Qb6 $146 ({RR} 11... Rc8 12. Bb1 b5 13. Qd3
Na5 14. Ne5 Nc4 15. Nxd7 Qxd7 16. Qe2 b4 17. Nd1 Rc6 18. f3 Rfc8 19. Nf2 Nh5
20. Bh2 Bd6 21. Nd3 Qc7 22. f4 Nf6 23. Rcd1 Qb6 24. Ne5 R6c7 25. Bd3 a5 26. b3
{Le,K (2291)-Hernandez Graterol,Z (2039) Dresden 2008 1-0 (34)}) ({RR} 11...
Qa5 12. Ne5 Rfc8 13. Bb1 Be8 14. Qd3 g6 15. a3 Qd8 16. Rcd1 Na5 17. Rfe1 Ne4
18. Nxe4 Bb5 19. Qd2 Nb3 20. Nf6+ Bxf6 21. Qb4 Na5 22. e4 Be7 23. Qd2 Nc4 24.
Nxc4 Bxc4 25. e5 Bb3 26. Rc1 {Apicella,M (2518)-Dziuba,M (2587)
Cappelle-la-Grande 2010 1/2-1/2 (32)}) ({RR} 11... b5 12. a3 Na5 13. Qe2 Nc4
14. e4 Rc8 15. Rfe1 Re8 16. Ne5 Bc6 17. exd5 Bxd5 18. Nxd5 Nxd5 19. Bxh7+ Kxh7
20. Qh5+ Kg8 21. Qxf7+ Kh7 22. Qg6+ Kg8 23. Qxe6+ Kh7 24. Nf7 Qb6 25. Qxd5 Bf6
26. Qh5+ {Priyanka,N (2301)-Jyothsna,L (2052) Bhubaneswar IND 2022 1-0}) ({RR} 
11... b5 12. Ne5 Nxe5 13. dxe5 Ne8 14. Bb1 b4 15. Ne2 f6 16. Nd4 fxe5 17. Bxe5
Bf6 18. Bg3 Qb6 19. b3 Nd6 20. Qc2 Ne4 21. Qc7 Qxc7 22. Rxc7 Nxg3 23. fxg3 Bxd4
{1/2-1/2 (23) Christenson,F (2200)-Madland,K (2135) Stavanger 2017}) 12. Qd2
Rfc8 13. Ne5 Be8 14. Na4 Qa7 15. Nc5 Nxe5 16. Bxe5 Bb5 17. Bxf6 Bxf6 18. Bxb5
axb5 19. Qb4 b6 20. Nd3 Qa5 21. Qxa5 bxa5 22. Rfd1 Kf8 23. Kf1 Ke8 24. Ke2 Be7
25. Rxc8+ Rxc8 26. Rc1 Rxc1 27. Nxc1 Kd7 28. Nd3 Bd6 29. Kd2 Kc6 30. Kc3 Kb6
31. Kd2 Kc6 32. Ke2 Kd7 33. Kf3 h5 34. g4 hxg4+ 35. hxg4 Kc6 36. Ke2 Kd7 37. g5
Kc6 38. Kf3 Kd7 39. Kg4 g6 40. f4 Ke7 41. Kf3 Bc7 42. Kg4 Bd6 43. Kf3 Kd7 44.
Ke2 Kc6 45. Kf3 Kd7 46. Nf2 Ke7 47. Ng4 Bc7 48. Ke2 Bd6 49. Kd3 Kd7 50. Ke2 Ke7
51. Kf3 Bc7 52. Nf6 Bb6 53. b3 Kd6 54. Ng4 Ke7 55. Ke2 Bc7 56. Kf3 Bd6 57. e4
Ba3 58. e5 1/2-1/2

[Event "Floripa Chess Open 2024"]
[Site "Florianopolis"]
[Date "2024.01.24"]
[Round "6.13"]
[White "Vazquez, Facundo"]
[Black "Jordao Barbosa, Marcio"]
[Result "1-0"]
[WhiteElo "2381"]
[BlackElo "2146"]
[PlyCount "103"]
[EventDate "2024.01.20"]
[EventRounds "10"]
[EventCountry "BRA"]

1. d4 Nf6 2. c4 e6 3. Nc3 Bb4 4. f3 d5 5. a3 Bxc3+ 6. bxc3 c5 7. cxd5 exd5 8.
e3 O-O 9. Bd3 b6 10. Ne2 Ba6 11. Bxa6 Nxa6 12. Qd3 c4 ({RR} 12... Nc7 13. O-O
Re8 14. Ng3 Ne6 15. Ra2 Rc8 16. Re2 Qc7 17. Rd1 cxd4 18. cxd4 Qc3 19. Bb2 Qxd3
20. Rxd3 g6 21. Kf2 h5 22. Nf1 Red8 23. Nd2 Ne8 24. Nb1 Nd6 25. Nc3 Nc4 26. Bc1
a6 27. a4 {Tomczak,J (2598)-Kozak,A (2442) chess.com INT 2024 1/2-1/2 (51)})
13. Qc2 Re8 14. O-O $146 ({RR} 14. Ng3 Nc7 15. O-O b5 16. e4 Nd7 17. e5 a5 18.
f4 f6 19. Qf5 Ra6 20. Bd2 Kh8 21. Qg4 g6 22. f5 Rg8 23. exf6 gxf5 24. Qxf5 Rxf6
25. Qh5 Qe8 26. Bf4 Rc6 27. Rae1 Qxh5 28. Nxh5 Ne6 {Babos,C (2202)-Mihalko,J  
(2301) Nyiregyhaza 2001 1-0 (47)}) 14... Nb8 15. Ng3 Nc6 16. Rb1 h5 17. Re1 Re6
18. e4 h4 19. Nf5 h3 20. e5 Qd7 21. g3 Ne8 22. f4 Rg6 23. Nh4 Rg4 24. Nf3 g6
25. Ng5 Ng7 26. Nxh3 Qf5 27. Qxf5 gxf5 28. Ng5 Ne6 29. Nf3 Ne7 30. Kf2 Kh7 31.
a4 Rgg8 32. Ba3 Nc6 33. Nh4 Ng7 34. h3 Na5 35. g4 Nb3 36. Ke3 Rae8 37. Rg1 Kh6
38. Rg2 f6 39. Rbg1 fxe5 40. dxe5 Rd8 41. gxf5 d4+ 42. cxd4 Nxd4 43. f6 Ngf5+
44. Nxf5+ Nxf5+ 45. Ke4 Rxg2 46. Rxg2 Nh4 47. Rg4 Ng6 48. f7 c3 49. Rxg6+ Kxg6
50. f8=Q Rxf8 51. Bxf8 c2 52. Ba3 1-0